Railway accidents; (Record no. 72341)

MARC details
000 -LEADER
fixed length control field 00878cam a22002411 4500
001 - CONTROL NUMBER
control field sa 67001016
003 - CONTROL NUMBER IDENTIFIER
control field DLC
005 - DATE AND TIME OF LATEST TRANSACTION
control field 20260227112319.0
008 - FIXED-LENGTH DATA ELEMENTS--GENERAL INFORMATION
fixed length control field 861104s1963 ii 000 0 eng
010 ## - LIBRARY OF CONGRESS CONTROL NUMBER
LC control number sa 67001016
025 ## - OVERSEAS ACQUISITION NUMBER
Overseas acquisition number PL480:I-E-6907
035 ## - SYSTEM CONTROL NUMBER
System control number (OCoLC)14631094
040 ## - CATALOGING SOURCE
Original cataloging agency DLC
Transcribing agency WaU
Modifying agency DLC
042 ## - AUTHENTICATION CODE
Authentication code premarc
050 00 - LIBRARY OF CONGRESS CALL NUMBER
Classification number HE1783.I4
Item number A498
110 1# - MAIN ENTRY--CORPORATE NAME
Corporate name or jurisdiction name as entry element India (Republic).
Subordinate unit Railway Inspectorate.
245 10 - TITLE STATEMENT
Title Railway accidents;
Remainder of title report on derailment of 5 up North Bank Express between Sonaili and Jhaua stations (North-East Frontier Railway) on 20th May 1959.
260 ## - PUBLICATION, DISTRIBUTION, ETC.
Place of publication, distribution, etc. [Nilokheri,
Date of publication, distribution, etc. 1963]
300 ## - PHYSICAL DESCRIPTION
Extent 12 p.
Dimensions 34 cm.
500 ## - GENERAL NOTE
General note Cover title.
650 #0 - SUBJECT ADDED ENTRY--TOPICAL TERM
Topical term or geographic name entry element Railroad accidents
Geographic subdivision India
Form subdivision Case studies.
740 0# - ADDED ENTRY--UNCONTROLLED RELATED/ANALYTICAL TITLE
Uncontrolled related/analytical title Report on derailment of 5 up North Bank Express between Sonaili and Jhaua stations (North-East Frontier Railway) on 20th May 1959.

No items available.

Powered by Koha